| 000 | 00852 a2200265 4500 | ||
|---|---|---|---|
| 999 |
_c200424315 _d37846 |
||
| 001 | 200424315 | ||
| 003 | TR-AnTOB | ||
| 005 | 20230912095134.0 | ||
| 008 | 160429s tu 000 0 | ||
| 040 |
_aTR-AnTOB _btur _erda _cTR-AnTOB |
||
| 041 | 0 | _atur | |
| 050 | 0 | 0 |
_aLF525 _bA33 2015 |
| 090 | _aLF525 A33 2015 | ||
| 245 | 1 | 0 |
_aAdana Bilim ve Teknoloji Üniversitesi 2016-2020 Dönemi Stratejik Planı / _cAdana Bilim ve Teknoloji Üniversitesi. |
| 264 |
_aAnkara: _bAnayasa Mahkemesi, _c2016. |
||
| 300 |
_a77 s. ; _c30 cm. |
||
| 336 |
_atext _2rdacontent _btxt |
||
| 337 |
_aunmediated _2rdamedia _bn |
||
| 338 |
_avolume _2rdacarrier _bnc |
||
| 650 | 7 |
_aStratejik planlama _zTürkiye _2etuturkob _950514 |
|
| 650 | 0 | 0 |
_aStrategic planning _zTurkey _950515 |
| 700 | 1 |
_aAdana Bilim ve Teknoloji Üniversitesi _9113657 |
|
| 942 |
_cBK _2lcc |
||